[Event "DEM U16w 2011"]
[Site "Oberhof GER"]
[Date "2011.06.12"]
[Round "2"]
[White "Schäfer, Ann-Kathrin"]
[Black "Schätz, Bianca"]
[Result "0-1"]
[Termination "normal"]
[Board "12"]
[WhiteElo "1623"]
[BlackElo "1802"]
[PlyCount "76"]
[WhiteFideId "24615412"]
[BlackFideId "24655821"]
[EventCountry "GER"]
[EventRounds "9"]
[EventType "swiss"]
[EventDate "2011.06.11"]

1. e4 c5 2. d4 cxd4 3. c3 d3 4. Bxd3 Nc6 5. Nf3 d6 6. O-O g6 7. Bc4 Bg7 8. Ng5
Ne5 9. Bb3 Nh6 10. f4 Nc6 11. f5 O-O 12. fxg6 hxg6 13. Be3 Na5 14. Bc2 Nc4 15.
Bc1 Ng4 16. Qe2 Qb6+ 17. Kh1 Nce3 18. Rf3 Nxc2 19. Qxc2 Ne5 20. Be3 Qb5 21. Na3
Qc6 22. Rff1 b5 23. Qf2 f6 24. Nf3 Ng4 25. Qe2 Qxe4 26. Rae1 a6 27. Nd2 Qxe3
28. Qxe3 Nxe3 29. Rxe3 Bh6 30. Re2 Bg4 31. Nf3 e5 32. Ree1 d5 33. Nc2 a5 34.
Ne3 Be6 35. Re2 b4 36. cxb4 axb4 37. b3 Bxe3 38. Rxe3 Rxa2 0-1

[Event "DEM U16w 2011"]
[Site "Oberhof GER"]
[Date "2011.06.12"]
[Round "2"]
[White "Freis, Katrin"]
[Black "Stolcz, Bianca"]
[Result "0-1"]
[Termination "normal"]
[Board "13"]
[WhiteElo "1379"]
[BlackElo "1632"]
[PlyCount "120"]
[WhiteFideId "24655783"]
[BlackFideId "24654914"]
[EventCountry "GER"]
[EventRounds "9"]
[EventType "swiss"]
[EventDate "2011.06.11"]

1. e4 c5 2. Nf3 Nc6 3. d4 cxd4 4. Nxd4 Nf6 5. Nc3 d6 6. Bb5 Bd7 7. Be3 g6 8.
O-O Bg7 9. Qd2 O-O 10. Nf3 a6 11. Ba4 Ng4 12. Bf4 Rc8 13. Rab1 Nge5 14. Nxe5
Nxe5 15. Bxd7 Nxd7 16. Nd5 Nb6 17. c3 Nxd5 18. Qxd5 Qb6 19. Bg5 Rc5 20. Qd2 Re8
21. Be3 Rec8 22. Bxc5 Rxc5 23. Qe3 Qc6 24. Rfd1 Re5 25. Rd4 Ra5 26. a3 Bxd4 27.
Qxd4 Ra4 28. Qd5 Rxe4 29. Qxc6 bxc6 30. Kf1 Kg7 31. Rd1 Kf6 32. f3 Re5 33. Kf2
h5 34. Rd4 Rb5 35. b4 c5 36. Rf4+ Ke6 37. Re4+ Kd7 38. Rc4 cxb4 39. axb4 a5 40.
bxa5 Rxa5 41. Kg3 Rc5 42. Rxc5 dxc5 43. c4 Ke6 44. Kf4 f6 45. g4 hxg4 46. fxg4
f5 47. gxf5+ gxf5 48. h4 Kf6 49. h5 e5+ 50. Ke3 Kg5 51. Kf3 Kxh5 52. Kg3 Kg5
53. Kf3 e4+ 54. Kg3 f4+ 55. Kf2 Kg4 56. Kg2 e3 57. Kf1 f3 58. Ke1 Kg3 59. Kf1
e2+ 60. Kg1 e1=R# 0-1

[Event "DEM U16w 2011"]
[Site "Oberhof GER"]
[Date "2011.06.13"]
[Round "3"]
[White "Klek, Hanna-Marie"]
[Black "Düssler, Stefanie"]
[Result "1/2-1/2"]
[Termination "normal"]
[Board "1"]
[WhiteElo "2147"]
[BlackElo "1905"]
[PlyCount "66"]
[WhiteFideId "24670057"]
[BlackFideId "4634780"]
[EventCountry "GER"]
[EventRounds "9"]
[EventType "swiss"]
[EventDate "2011.06.11"]

1. e4 c6 2. d3 d5 3. Nd2 e5 4. g3 Nf6 5. Bg2 Bd6 6. Ngf3 O-O 7. O-O Bg4 8. Re1
Re8 9. Nf1 dxe4 10. dxe4 Na6 11. h3 Bh5 12. g4 Bg6 13. Ng3 Nc5 14. Nh4 Bc7 15.
Nhf5 Ba5 16. Rf1 Qc7 17. Qf3 Ne6 18. Nxg7 Nxg7 19. Qxf6 Re6 20. Qf3 Rd8 21. Rd1
Rxd1+ 22. Qxd1 Rd6 23. Qe2 Ne6 24. c3 Bb6 25. h4 f6 26. h5 Bf7 27. Nf5 Rd7 28.
Bh6 Qd8 29. Bf3 Ng5 30. Bxg5 fxg5 31. Nh6+ Kg7 32. Nxf7 Kxf7 33. Rd1 Rxd1+
1/2-1/2

[Event "DEM U16w 2011"]
[Site "Oberhof GER"]
[Date "2011.06.13"]
[Round "3"]
[White "Tran, My Linh"]
[Black "Osmanodja, Filiz"]
[Result "1-0"]
[Termination "normal"]
[Board "2"]
[BlackTitle "FM"]
[WhiteElo "1903"]
[BlackElo "2027"]
[PlyCount "67"]
[WhiteFideId "24682462"]
[BlackFideId "24633569"]
[EventCountry "GER"]
[EventRounds "9"]
[EventType "swiss"]
[EventDate "2011.06.11"]

1. e4 c5 2. Nf3 Nc6 3. d4 cxd4 4. Nxd4 Nf6 5. Nc3 d6 6. Bg5 e6 7. Qd2 Qb6 8.
Nb3 Be7 9. O-O-O O-O 10. f3 a6 11. g4 Rd8 12. Be3 Qc7 13. g5 Nd7 14. h4 b5 15.
g6 fxg6 16. h5 gxh5 17. Rxh5 Nf6 18. Rh1 b4 19. Na4 Rb8 20. Qh2 Ne5 21. Nd4 Bd7
22. b3 Bxa4 23. Nxe6 Qc8 24. Nxd8 Qxd8 25. bxa4 Qa5 26. Qh3 Qxa4 27. Qe6+ Kf8
28. Bd4 Qa3+ 29. Bb2 Qxf3 30. Bxe5 Qxh1 31. Bc4 Qh6+ 32. Kb1 Qg6 33. Bxd6 Qe8
34. Bxb8 1-0

[Event "DEM U16w 2011"]
[Site "Oberhof GER"]
[Date "2011.06.13"]
[Round "3"]
[White "Spangenberg, Romy"]
[Black "Polert, Annika"]
[Result "1-0"]
[Termination "normal"]
[Board "3"]
[WhiteElo "1671"]
[BlackElo "1718"]
[PlyCount "120"]
[WhiteFideId "4627997"]
[BlackFideId "24692328"]
[EventCountry "GER"]
[EventRounds "9"]
[EventType "swiss"]
[EventDate "2011.06.11"]

1. e4 c5 2. Nf3 d6 3. d4 cxd4 4. Nxd4 Nf6 5. Nc3 a6 6. Bc4 e5 7. Nf3 Be6 8. Bb3
Nbd7 9. Ng5 Bxb3 10. axb3 h6 11. Nf3 Nc5 12. Qe2 Be7 13. O-O Qc7 14. Nd5 Nxd5
15. exd5 O-O 16. b4 Nd7 17. c4 Rfc8 18. b3 Bf6 19. Bb2 Qb6 20. Qd2 Qd8 21. Qe2
Nf8 22. Nd2 Ng6 23. g3 Qd7 24. Ne4 Be7 25. Kg2 f5 26. Nc3 f4 27. Qh5 Qe8 28.
Qf5 Qf7 29. Qxf7+ Kxf7 30. Ne4 Ke8 31. Rac1 b6 32. Ba3 Kd7 33. Rfd1 Rab8 34.
Rc3 Bf8 35. Rdc1 Ne7 36. Rd1 Nf5 37. gxf4 exf4 38. Kg1 Re8 39. f3 Ne3 40. Re1
Be7 41. Bc1 Bh4 42. Re2 Rxe4 43. fxe4 Bf6 44. Rd3 Re8 45. Bxe3 fxe3 46. Rexe3
Bb2 47. Re2 Ba3 48. Rf3 Bxb4 49. Rf7+ Kd8 50. Ra7 Bc5+ 51. Kg2 a5 52. Ra8+ Ke7
53. Rxe8+ Kxe8 54. e5 dxe5 55. Rxe5+ Kd7 56. Re6 Bd4 57. Kf3 Bc5 58. Kg4 Bd4
59. h4 g5 60. h5 Bc3 1-0

[Event "DEM U16w 2011"]
[Site "Oberhof GER"]
[Date "2011.06.13"]
[Round "3"]
[White "Pohl, Theresa"]
[Black "Serif, Amelie"]
[Result "1-0"]
[Termination "normal"]
[Board "4"]
[WhiteElo "1870"]
[BlackElo "1475"]
[PlyCount "75"]
[EventCountry "GER"]
[EventRounds "9"]
[EventType "swiss"]
[EventDate "2011.06.11"]

1. d4 g6 2. c4 Bg7 3. Nc3 c5 4. d5 Bxc3+ 5. bxc3 f5 6. Nf3 Qa5 7. Qc2 Nf6 8. e3
d6 9. Be2 Ne4 10. Bb2 Bd7 11. O-O Ba4 12. Qc1 Nd7 13. Ne1 O-O 14. f3 Nef6 15.
Nd3 Nb6 16. Nf4 Bd7 17. Qc2 Rae8 18. e4 fxe4 19. fxe4 e5 20. dxe6 Bxe6 21. Nxe6
Rxe6 22. Bd3 Nbd7 23. Rae1 Ne5 24. Be2 Ree8 25. Bc1 Qc7 26. Bg5 Nfd7 27. Qd2
Nf7 28. Bd3 Nxg5 29. Qxg5 Ne5 30. Bc2 Qd8 31. Qd2 Rxf1+ 32. Rxf1 Qd7 33. Qd5+
Kg7 34. Rd1 Re6 35. h3 Rf6 36. Qxe5 dxe5 37. Rxd7+ Rf7 38. Rd5 1-0

[Event "DEM U16w 2011"]
[Site "Oberhof GER"]
[Date "2011.06.13"]
[Round "3"]
[White "Schätz, Bianca"]
[Black "Kühnel, Lena"]
[Result "1/2-1/2"]
[Termination "normal"]
[Board "5"]
[WhiteElo "1802"]
[BlackElo "1893"]
[PlyCount "70"]
[WhiteFideId "24655821"]
[BlackFideId "24640956"]
[EventCountry "GER"]
[EventRounds "9"]
[EventType "swiss"]
[EventDate "2011.06.11"]

1. d4 d5 2. c4 c6 3. e3 Nf6 4. Nf3 e6 5. Nc3 Bd6 6. Bd3 Nbd7 7. O-O O-O 8. e4
dxc4 9. Bxc4 b5 10. Bd3 e5 11. dxe5 Nxe5 12. Nxe5 Bxe5 13. Ne2 Re8 14. Qc2 Bg4
15. Be3 Bxe2 16. Bxe2 Nxe4 17. Qxc6 a6 18. Rfd1 Qb8 19. g3 Bxb2 20. Rab1 Qe5
21. Bf3 Nc3 22. Bd4 Qf5 23. Bxc3 Rac8 24. g4 Rxc6 25. gxf5 Rxc3 26. Bb7 Rc2 27.
Bxa6 Bf6 28. Bxb5 Ra8 29. a4 Bh4 30. Rf1 Kf8 31. Rbc1 Rb2 32. Rc4 Bd8 33. Rc6
Bh4 34. Rc4 Bd8 35. Rc6 Bh4 1/2-1/2

[Event "DEM U16w 2011"]
[Site "Oberhof GER"]
[Date "2011.06.13"]
[Round "3"]
[White "Stolcz, Bianca"]
[Black "Kuckling, Hannah"]
[Result "1-0"]
[Termination "normal"]
[Board "7"]
[WhiteElo "1632"]
[BlackElo "1775"]
[PlyCount "87"]
[WhiteFideId "24654914"]
[BlackFideId "24603660"]
[EventCountry "GER"]
[EventRounds "9"]
[EventType "swiss"]
[EventDate "2011.06.11"]

1. e4 c5 2. Nc3 Nc6 3. g3 g6 4. Bg2 Bg7 5. Nge2 d6 6. O-O Bd7 7. d3 Rb8 8. a4
a6 9. Rb1 b5 10. b3 Nd4 11. axb5 axb5 12. Nxd4 Bxd4 13. Bb2 Nf6 14. Ne2 Bxb2
15. Rxb2 O-O 16. h3 Qc7 17. f4 e6 18. g4 Bc6 19. Ng3 d5 20. e5 Nd7 21. Qe2 Ra8
22. c3 Ra6 23. d4 cxd4 24. cxd4 Qb6 25. Qe3 Rfa8 26. f5 Ra1 27. Rbf2 Rxf1+ 28.
Rxf1 exf5 29. gxf5 Re8 30. fxg6 Nxe5 31. gxh7+ Kh8 32. Qf2 Nd7 33. Kh1 Rf8 34.
Nf5 Ba8 35. Ne7 Qe6 36. Qh4 Bb7 37. Qg5 Kxh7 38. Nxd5 Bxd5 39. Qh5+ Qh6 40.
Qxd5 Qe6 41. Qh5+ Kg7 42. Bd5 Qe8 43. Qg5+ Kh7 44. Qh4+ 1-0

[Event "DEM U16w 2011"]
[Site "Oberhof GER"]
[Date "2011.06.13"]
[Round "3"]
[White "Zeller, Elisa"]
[Black "Kostré, Margarita"]
[Result "1-0"]
[Termination "normal"]
[Board "8"]
[WhiteElo "1795"]
[BlackElo "1821"]
[PlyCount "121"]
[WhiteFideId "24662410"]
[BlackFideId "4673344"]
[EventCountry "GER"]
[EventRounds "9"]
[EventType "swiss"]
[EventDate "2011.06.11"]

1. e4 e5 2. Nf3 Nc6 3. Bb5 f5 4. Nc3 fxe4 5. Nxe4 d5 6. Nxe5 dxe4 7. Nxc6 Qg5
8. Qe2 Nf6 9. f4 Qxf4 10. Ne5+ c6 11. d4 Qh4+ 12. g3 Qh3 13. Bc4 Be6 14. Bf4
Bd6 15. Bxe6 Qxe6 16. O-O O-O-O 17. c4 Qe8 18. c5 Bc7 19. Rad1 h5 20. Nc4 h4
21. Bxc7 Kxc7 22. Qf2 Kb8 23. Qf4+ Ka8 24. g4 Qe6 25. Ne5 e3 26. Rde1 Qd5 27.
Rxe3 Qxa2 28. Ra3 Qxb2 29. Rfa1 a6 30. Rxa6+ bxa6 31. Rxa6+ Kb7 32. Rb6+ Qxb6
33. cxb6 Kxb6 34. Nf7 Nd5 35. Qc1 Rhf8 36. Nxd8 Rxd8 37. Qg5 Rd7 38. Qxh4 Nf4
39. Qe1 Rxd4 40. Qe3 c5 41. Qb3+ Rb4 42. Qf7 Nh3+ 43. Kg2 Nf4+ 44. Kg3 Ne2+ 45.
Kh4 Nd4 46. Kg5 c4 47. Qe7 Rb5+ 48. Kg6 c3 49. Qe3 Rc5 50. Qxd4 c2 51. Qb2+ Ka5
52. Qc1 Rc7 53. h4 Kb6 54. h5 Kb7 55. g5 Kc8 56. h6 gxh6 57. Kxh6 Kd8 58. g6
Ke8 59. g7 Rc6+ 60. Kh7 Rc7 61. Kh8 1-0

[Event "DEM U16w 2011"]
[Site "Oberhof GER"]
[Date "2011.06.13"]
[Round "3"]
[White "Spiegelberg, Silvia"]
[Black "Berger, Nadja"]
[Result "1-0"]
[Termination "normal"]
[Board "9"]
[WhiteElo "1799"]
[BlackElo "1730"]
[PlyCount "81"]
[WhiteFideId "24654450"]
[BlackFideId "24692212"]
[EventCountry "GER"]
[EventRounds "9"]
[EventType "swiss"]
[EventDate "2011.06.11"]

1. e4 c5 2. Nf3 e6 3. d4 cxd4 4. Nxd4 Nf6 5. Nc3 Bb4 6. Qd3 Nc6 7. Bd2 Qb6 8.
Nxc6 bxc6 9. Be2 d5 10. exd5 cxd5 11. Be3 Qa5 12. Bd4 Be7 13. Qb5+ Qxb5 14.
Nxb5 O-O 15. Nxa7 Bd7 16. Nb5 Rfb8 17. Nc3 Bb4 18. O-O Bd6 19. Nd1 e5 20. Be3
Rc8 21. c3 Bf5 22. a4 Bc2 23. a5 Bb3 24. a6 Bc5 25. Bxc5 Rxc5 26. Ra3 Bc4 27.
Bxc4 Rxc4 28. b4 d4 29. b5 Nd5 30. cxd4 exd4 31. Rb3 Nb6 32. Nb2 Rc5 33. Rd1
Rd5 34. Rb4 Re8 35. Kf1 Red8 36. Nd3 g5 37. Rc1 R8d7 38. Rc6 R5d6 39. Nc5 Nd5
40. Nxd7 Nxb4 41. Rxd6 1-0

[Event "DEM U16w 2011"]
[Site "Oberhof GER"]
[Date "2011.06.13"]
[Round "3"]
[White "Schäfer, Daniela"]
[Black "Müller, Alexandra"]
[Result "1-0"]
[Termination "normal"]
[Board "10"]
[WhiteElo "1946"]
[BlackElo "1696"]
[PlyCount "97"]
[WhiteFideId "4624769"]
[BlackFideId "24691496"]
[EventCountry "GER"]
[EventRounds "9"]
[EventType "swiss"]
[EventDate "2011.06.11"]

1. e4 e5 2. Nf3 Nc6 3. Bb5 a6 4. Ba4 Nf6 5. d3 b5 6. Bb3 Be7 7. O-O d6 8. h3
O-O 9. c3 Na5 10. Bc2 c5 11. Re1 Bd7 12. Nbd2 Qb6 13. Nf1 Rfc8 14. d4 Qc7 15.
d5 c4 16. Ng3 g6 17. Nh2 Ne8 18. Ng4 Bxg4 19. Qxg4 Nf6 20. Qd1 Nb7 21. Be3 Nc5
22. Qd2 Nfd7 23. Rad1 Nb6 24. Rf1 Nca4 25. Bb1 Nc5 26. Qe2 Qd7 27. f4 f6 28. f5
g5 29. Qg4 Bf8 30. h4 h6 31. hxg5 hxg5 32. Kf2 Rc7 33. Rh1 Raa7 34. Rh2 Qe8 35.
Rdh1 Rh7 36. Nh5 Be7 37. Kg1 Bd8 38. Rh3 Nba4 39. Bc1 Raf7 40. Bxg5 fxg5 41. f6
Qd7 42. Qxg5+ Kf8 43. Rg3 Ke8 44. Qg6 Bb6 45. Ng7+ Kd8 46. Rxh7 Nxe4+ 47. Kh2
Nxg3 48. Ne6+ Kc8 49. Rxf7 1-0

[Event "DEM U16w 2011"]
[Site "Oberhof GER"]
[Date "2011.06.13"]
[Round "3"]
[White "Rethmann, Kristin"]
[Black "Tobianski, Karina"]
[Result "1-0"]
[Termination "normal"]
[Board "11"]
[WhiteElo "1780"]
[BlackElo "1262"]
[PlyCount "61"]
[WhiteFideId "24655805"]
[BlackFideId "12937746"]
[EventCountry "GER"]
[EventRounds "9"]
[EventType "swiss"]
[EventDate "2011.06.11"]

1. e4 d5 2. exd5 Nf6 3. d4 Nxd5 4. Nf3 Bg4 5. Be2 Nc6 6. c4 Nb6 7. d5 Nb8 8. h3
Bf5 9. O-O N8d7 10. Nc3 e6 11. Re1 Be7 12. Nd4 O-O 13. Nxf5 exf5 14. Be3 Bd6
15. Qd2 Nc5 16. b4 Ne4 17. Nxe4 fxe4 18. c5 Be5 19. cxb6 Bxa1 20. bxc7 Qxc7 21.
Rxa1 b6 22. Bb5 h6 23. Bc6 Rad8 24. b5 g5 25. Qd4 Rd6 26. Bd2 a5 27. Bc1 Rfd8
28. Ba3 Rg6 29. Rd1 Kh7 30. d6 Qa7 31. Bxe4 1-0

[Event "DEM U16w 2011"]
[Site "Oberhof GER"]
[Date "2011.06.13"]
[Round "3"]
[White "Wulf, Constanze"]
[Black "Schäfer, Ann-Kathrin"]
[Result "1/2-1/2"]
[Termination "normal"]
[Board "12"]
[WhiteElo "1296"]
[BlackElo "1623"]
[PlyCount "28"]
[WhiteFideId "24692379"]
[BlackFideId "24615412"]
[EventCountry "GER"]
[EventRounds "9"]
[EventType "swiss"]
[EventDate "2011.06.11"]

1. d4 Nf6 2. c4 g6 3. Nc3 Bg7 4. e4 d6 5. h3 O-O 6. Nf3 Nfd7 7. Bg5 Qe8 8. Nd5
Na6 9. Bxe7 Nb4 10. Bxf8 Qxe4+ 11. Ne3 Nxf8 12. a3 Nc6 13. d5 Nd4 14. Nxd4 Bxd4
1/2-1/2

[Event "DEM U16w 2011"]
[Site "Oberhof GER"]
[Date "2011.06.13"]
[Round "3"]
[White "Rahimi, Rozafa"]
[Black "Freis, Katrin"]
[Result "1-0"]
[Termination "normal"]
[Board "13"]
[WhiteElo "1530"]
[BlackElo "1379"]
[PlyCount "79"]
[WhiteFideId "24692280"]
[BlackFideId "24655783"]
[EventCountry "GER"]
[EventRounds "9"]
[EventType "swiss"]
[EventDate "2011.06.11"]

1. d4 d5 2. Bf4 Nf6 3. Nf3 Bg4 4. e3 e6 5. Bd3 Nc6 6. Nbd2 Bd6 7. Bg3 O-O 8.
O-O e5 9. Be2 Re8 10. dxe5 Nxe5 11. Bxe5 Bxe5 12. Nxe5 Bxe2 13. Nxf7 Bxd1 14.
Nxd8 Bxc2 15. Nxb7 Rab8 16. Rfc1 Rxb7 17. Rxc2 Reb8 18. b3 Kf7 19. Rac1 Rc8 20.
Kf1 Ke6 21. Nf3 Ne4 22. Nd4+ Ke5 23. f4+ Kf6 24. Rc6+ Kf7 25. Ne6 Rb5 26. Rxc7+
Rxc7 27. Nxc7 Ra5 28. Rc2 Ke7 29. b4 Ra3 30. Nxd5+ Kd6 31. Nc7 a6 32. b5 Nc5
33. Ne8+ Kd5 34. bxa6 Nxa6 35. Nxg7 Rxe3 36. f5 Nb4 37. Rd2+ Kc4 38. f6 Nd3 39.
Rxd3 Rxd3 40. f7 1-0

[Event "DEM U16w 2011"]
[Site "Oberhof GER"]
[Date "2011.06.14"]
[Round "4"]
[White "Klek, Hanna-Marie"]
[Black "Tran, My Linh"]
[Result "1-0"]
[Termination "normal"]
[Board "1"]
[WhiteElo "2147"]
[BlackElo "1903"]
[PlyCount "83"]
[WhiteFideId "24670057"]
[BlackFideId "24682462"]
[EventCountry "GER"]
[EventRounds "9"]
[EventType "swiss"]
[EventDate "2011.06.11"]

1. e4 c5 2. Nf3 e6 3. d4 cxd4 4. Nxd4 Bc5 5. Nb3 Bb6 6. Bd3 Ne7 7. Nc3 O-O 8.
Qe2 Nbc6 9. Bf4 d5 10. e5 Nb4 11. O-O-O Nxd3+ 12. Rxd3 Ng6 13. Bg3 f6 14. f4
fxe5 15. fxe5 Nf4 16. Bxf4 Rxf4 17. Kb1 Rf2 18. Qg4 Qc7 19. Re1 Qc4 20. Nd4 Bd7
21. Red1 Raf8 22. Rg3 R8f7 23. Nf3 Rf1 24. Qxc4 Rxd1+ 25. Nxd1 dxc4 26. Rg4 Bc6
27. Nd2 Bd5 28. c3 Bc7 29. Nxc4 Bxc4 30. Rxc4 Bxe5 31. h3 Rd7 32. Kc2 Kf7 33.
Nf2 b6 34. a4 g5 35. Nd3 Bf6 36. a5 e5 37. axb6 axb6 38. Nf2 Ke6 39. Rc6+ Kf5
40. g4+ Kg6 41. Ne4 Rf7 42. Rxb6 1-0

[Event "DEM U16w 2011"]
[Site "Oberhof GER"]
[Date "2011.06.14"]
[Round "4"]
[White "Düssler, Stefanie"]
[Black "Spangenberg, Romy"]
[Result "1/2-1/2"]
[Termination "normal"]
[Board "2"]
[WhiteElo "1905"]
[BlackElo "1671"]
[PlyCount "102"]
[WhiteFideId "4634780"]
[BlackFideId "4627997"]
[EventCountry "GER"]
[EventRounds "9"]
[EventType "swiss"]
[EventDate "2011.06.11"]

1. e4 c5 2. Nf3 e6 3. Nc3 Nc6 4. d4 cxd4 5. Nxd4 Nf6 6. Be3 Be7 7. Be2 O-O 8.
O-O d6 9. f4 e5 10. Nf5 Bxf5 11. exf5 exf4 12. Rxf4 d5 13. Nb5 a6 14. Nd4 Bc5
15. c3 Re8 16. Bf2 Ne4 17. Bf3 Nxf2 18. Kxf2 Nxd4 19. cxd4 Bd6 20. Rg4 h5 21.
Rg3 Bxg3+ 22. hxg3 Qd7 23. Qd3 Rac8 24. Bxh5 Qc7 25. Bd1 Qc4 26. Be2 Qc2 27. f6
g6 28. Rh1 Qxb2 29. Rh6 Qxe2+ 30. Qxe2 Rxe2+ 31. Kxe2 Rc2+ 32. Kf3 Rxa2 33. Rh1
Ra4 34. Ke3 b5 35. Rc1 Rc4 36. Ra1 Rc6 37. Kf4 Kf8 38. Ke5 Ke8 39. Rf1 Kd7 40.
Kxd5 Re6 41. g4 g5 42. Kc5 Re4 43. Rf2 Rf4 44. Re2 Rxf6 45. Re5 Rc6+ 46. Kd5 f6
47. Re2 Rd6+ 48. Kc5 Re6 49. Rxe6 Kxe6 50. Kc6 Ke7 51. Kc7 Ke6 1/2-1/2

[Event "DEM U16w 2011"]
[Site "Oberhof GER"]
[Date "2011.06.14"]
[Round "4"]
[White "Osmanodja, Filiz"]
[Black "Spiegelberg, Silvia"]
[Result "1/2-1/2"]
[Termination "normal"]
[Board "3"]
[WhiteTitle "FM"]
[WhiteElo "2027"]
[BlackElo "1799"]
[PlyCount "85"]
[WhiteFideId "24633569"]
[BlackFideId "24654450"]
[EventCountry "GER"]
[EventRounds "9"]
[EventType "swiss"]
[EventDate "2011.06.11"]

1. c4 c5 2. g3 Nf6 3. Bg2 d5 4. cxd5 Nxd5 5. Nc3 Nc7 6. Nf3 Nc6 7. O-O e5 8.
Ne1 Bd7 9. Nd3 Qe7 10. f4 exf4 11. Nxf4 Qd8 12. b3 Bd6 13. Bb2 O-O 14. Ne4 Be7
15. Qc2 Ne6 16. e3 Nxf4 17. gxf4 Rc8 18. Qc3 f6 19. Kh1 b6 20. Rg1 Bf5 21. Ng5
Qd3 22. Qxd3 Bxd3 23. Bd5+ Kh8 24. Ne6 Rg8 25. Rg3 Nb4 26. e4 Nxd5 27. Rxd3 Nc7
28. Nxc7 Rxc7 29. Rc1 Rd8 30. Rxd8+ Bxd8 31. e5 fxe5 32. fxe5 Rd7 33. Rf1 Kg8
34. Bc3 Bg5 35. Kg2 Rf7 36. Re1 Kf8 37. b4 Ke7 38. bxc5 bxc5 39. Rb1 Ke6 40.
Rb5 Kd5 41. Rb8 Ke6 42. a4 Rd7 43. Re8+ 1/2-1/2

[Event "DEM U16w 2011"]
[Site "Oberhof GER"]
[Date "2011.06.14"]
[Round "4"]
[White "Schmalhorst, Sophia"]
[Black "Pohl, Theresa"]
[Result "1/2-1/2"]
[Termination "normal"]
[Board "4"]
[WhiteElo "1878"]
[BlackElo "1870"]
[PlyCount "130"]
[WhiteFideId "24682497"]
[EventCountry "GER"]
[EventRounds "9"]
[EventType "swiss"]
[EventDate "2011.06.11"]

1. e4 e6 2. d4 d5 3. Nc3 Nf6 4. Bg5 Be7 5. exd5 exd5 6. Bd3 O-O 7. Qf3 c6 8.
Nge2 h6 9. Bf4 Na6 10. Bxa6 bxa6 11. O-O Bd6 12. Bxd6 Qxd6 13. h3 Rb8 14. b3
Be6 15. Na4 Ne4 16. Qd3 a5 17. Nec3 Bf5 18. Nxe4 Bxe4 19. Qg3 Qf6 20. c3 Rbe8
21. Nc5 Qd8 22. Qg4 f5 23. Qd1 f4 24. f3 Bf5 25. Re1 Qg5 26. Kh1 Bxh3 27. gxh3
Qg3 28. Rxe8 Qxh3+ 29. Kg1 Rxe8 30. Qf1 Qg3+ 31. Qg2 Re2 32. Qxg3 fxg3 33. Nd3
g5 34. f4 g4 35. Ne5 h5 36. Rd1 Kg7 37. Rd3 h4 38. Nxg4 Rxa2 39. Rf3 Rb2 40. f5
Rxb3 41. f6+ Kf8 42. Ne5 Rb1+ 43. Kg2 Rb2+ 44. Kh3 Rh2+ 45. Kg4 g2 46. Ng6+ Kf7
47. Ne5+ Ke6 48. f7 g1=Q+ 49. Kh5 Qg7 50. f8=Q Qxf8 51. Rxf8 Rh3 52. Nxc6 Rxc3
53. Nxa5 h3 54. Rf2 Kd7 55. Nb7 Rc4 56. Rd2 Rc3 57. Kg4 Kc6 58. Nc5 a5 59. Rh2
Kb5 60. Rxh3 Rxh3 61. Kxh3 Kc4 62. Kg3 Kxd4 63. Nb3+ Kc3 64. Nxa5 d4 65. Kf2 d3
1/2-1/2

[Event "DEM U16w 2011"]
[Site "Oberhof GER"]
[Date "2011.06.14"]
[Round "4"]
[White "Polert, Annika"]
[Black "Zeller, Elisa"]
[Result "1-0"]
[Termination "normal"]
[Board "5"]
[WhiteElo "1718"]
[BlackElo "1795"]
[PlyCount "81"]
[WhiteFideId "24692328"]
[BlackFideId "24662410"]
[EventCountry "GER"]
[EventRounds "9"]
[EventType "swiss"]
[EventDate "2011.06.11"]

1. g3 g6 2. Bg2 Bg7 3. e4 d6 4. Ne2 Nf6 5. O-O O-O 6. c4 Nbd7 7. Nbc3 e5 8. d3
c6 9. b4 Qc7 10. a4 a5 11. b5 Re8 12. Ba3 c5 13. h3 Nb6 14. Ra2 h6 15. Bc1 Rf8
16. Qe1 Bd7 17. Nd1 Nc8 18. Ne3 Ne7 19. Nc3 b6 20. Kh1 Kh7 21. Ncd5 Nfxd5 22.
cxd5 f5 23. f4 fxe4 24. dxe4 Ng8 25. Nc4 Rae8 26. Re2 Bc8 27. Bb2 Qd8 28. Qa1
Qc7 29. Rff2 g5 30. fxe5 Rxf2 31. Rxf2 dxe5 32. d6 Qd8 33. Bxe5 Rxe5 34. Rf7
Kg6 35. Rxg7+ Kxg7 36. Qxe5+ Qf6 37. Qxf6+ Kxf6 38. e5+ Ke6 39. Bf3 h5 40. Nxb6
Bd7 41. Bd5+ 1-0

[Event "DEM U16w 2011"]
[Site "Oberhof GER"]
[Date "2011.06.14"]
[Round "4"]
[White "Kühnel, Lena"]
[Black "Stolcz, Bianca"]
[Result "1-0"]
[Termination "normal"]
[Board "6"]
[WhiteElo "1893"]
[BlackElo "1632"]
[PlyCount "57"]
[WhiteFideId "24640956"]
[BlackFideId "24654914"]
[EventCountry "GER"]
[EventRounds "9"]
[EventType "swiss"]
[EventDate "2011.06.11"]

1. e4 c5 2. Nc3 Nc6 3. Bb5 g6 4. Bxc6 bxc6 5. d3 Bg7 6. f4 d6 7. Nf3 Nf6 8. O-O
O-O 9. Kh1 Bg4 10. Be3 Rb8 11. Rb1 Nd7 12. Qd2 Bxf3 13. Rxf3 Qa5 14. d4 Rb7 15.
Bg1 Rfb8 16. b3 c4 17. e5 cxb3 18. axb3 dxe5 19. dxe5 Rd8 20. Rd1 Rbb8 21. Rd3
Rb7 22. b4 Qc7 23. Ne4 Rdb8 24. Rxd7 Qxd7 25. Qxd7 Rxd7 26. Rxd7 Rxb4 27. Rd4
Rb2 28. Rd8+ Bf8 29. Nc5 1-0

[Event "DEM U16w 2011"]
[Site "Oberhof GER"]
[Date "2011.06.14"]
[Round "4"]
[White "Kuckling, Hannah"]
[Black "Schätz, Bianca"]
[Result "1/2-1/2"]
[Termination "normal"]
[Board "8"]
[WhiteElo "1775"]
[BlackElo "1802"]
[PlyCount "79"]
[WhiteFideId "24603660"]
[BlackFideId "24655821"]
[EventCountry "GER"]
[EventRounds "9"]
[EventType "swiss"]
[EventDate "2011.06.11"]

1. e4 c5 2. Nc3 Nc6 3. Bb5 g6 4. Bxc6 dxc6 5. d3 Bg7 6. f4 Nh6 7. Nf3 f6 8. O-O
O-O 9. Kh1 Nf7 10. Qe1 Qc7 11. Qg3 b6 12. Bd2 e5 13. fxe5 Nxe5 14. Nxe5 Qxe5
15. Qxe5 fxe5 16. Rxf8+ Kxf8 17. Rf1+ Kg8 18. b3 Be6 19. Ne2 Rd8 20. Be3 Bg4
21. Ng1 Rf8 22. Rxf8+ Kxf8 23. Nf3 Bf6 24. h3 Bxf3 25. gxf3 Ke7 26. Kg2 Bh4 27.
f4 exf4 28. Bxf4 a6 29. Kf3 h5 30. Bh6 g5 31. Bg7 Be1 32. Be5 Ke6 33. Bb2 Bd2
34. Bg7 Be1 35. Bb2 Bd2 36. a4 b5 37. Ba3 b4 38. Bb2 Bc3 39. Bc1 Kf6 40. Be3
1/2-1/2

[Event "DEM U16w 2011"]
[Site "Oberhof GER"]
[Date "2011.06.14"]
[Round "4"]
[White "Kostré, Margarita"]
[Black "Rahimi, Rozafa"]
[Result "1-0"]
[Termination "normal"]
[Board "10"]
[WhiteElo "1821"]
[BlackElo "1530"]
[PlyCount "71"]
[WhiteFideId "4673344"]
[BlackFideId "24692280"]
[EventCountry "GER"]
[EventRounds "9"]
[EventType "swiss"]
[EventDate "2011.06.11"]

1. e4 c5 2. Nf3 a6 3. c4 e6 4. d4 cxd4 5. Nxd4 Nf6 6. Nc3 Bb4 7. Bd3 Bxc3+ 8.
bxc3 d6 9. O-O O-O 10. Be3 Nbd7 11. f4 Nc5 12. Qc2 Re8 13. e5 Ng4 14. Bxh7+ Kf8
15. Rf3 g6 16. f5 exf5 17. Qd2 Rxe5 18. Bh6+ Ke8 19. Bf4 Ne4 20. Qc2 Rc5 21.
Qe2 Qh4 22. Bxd6 Ra5 23. Nb3 Ra3 24. h3 Rxb3 25. axb3 Ngf6 26. Rf4 Qxh7 27. Be5
Be6 28. Bxf6 Nxf6 29. Qe5 Nd7 30. Qc7 g5 31. Rd4 b6 32. Rxd7 Bxd7 33. Re1+ Kf8
34. Qxd7 Qg6 35. Qb7 Rd8 36. Qe7+ 1-0